Gemeinden von Wiener Neustadt-Land - Statistiken

Allgemein
  • Dieses Quiz wurde 336 mal gespielt
  • Das Durchschnittsergebnis liegt bei 17 aus 35
Antwortstatistiken
Einwohner Gemeinde % Korrekt
3.426 Bad Fischau-Brunn
78%
4.349 Felixdorf
71%
5.147 Sollenau
68%
4.544 Wöllersdorf-Steinabrückl
65%
3.631 Theresienfeld
64%
2.755 Lichtenwörth
63%
1.261 Gutenstein
59%
3.995 Lanzenkirchen
59%
2.495 Pernitz
59%
2.864 Kirchschlag in der Buckligen Welt
58%
4.863 Eggendorf
57%
3.026 Markt Piesting
57%
3.108 Bad Erlach
56%
3.179 Ebenfurth
56%
3.228 Katzelsdorf
54%
2.062 Waldegg
54%
1.873 Winzendorf-Muthmannsdorf
52%
1.061 Weikersdorf am Steinfelde
47%
730 Bad Schönau
46%
1.635 Hochneukirchen-Gschaidt
46%
1.002 Hochwolkersdorf
46%
1..215 Bromberg
44%
997 Hollenthon
42%
927 Schwarzenbach
39%
1.043 Lichtenegg
37%
2.277 Krumbach
36%
1.497 Wiesmath
36%
1.410 Hohe Wand
35%
2.025 Zillingdorf
35%
459 Rohr im Gebirge
34%
2.069 Matzendorf-Hölles
31%
521 Muggendorf
31%
1.127 Walpersbach
31%
684 Miesenbach
29%
1.506 Waidmannsfeld
22%
Keine übereinstimmenden Quizze gefunden
Verteilung der Resultate
Anzahl Personen mit jedem Resultat
Perzentil nach korrekt beantworteten Fragen
Ihre Resultats-Entwicklung
Sie haben dieses Quiz noch nicht gespielt